Přeskočit na obsah

Детский альбом. Соч. 39. Времена года. Соч. 37bis. Для фортепиано ноты

«Детский альбом», носящий авторский подзаголовок «Двадцать четыре лёгкие пьесы для фортепиано» и посвященный племяннику Чайковского Володе Давыдову, входит в золотой фонд мировой фортепианной литературы для детей. Фортепианный цикл «Времена года», состоящий из 12 характеристических картин, также при...

Celý popis

Uloženo v:
Podrobná bibliografie
Hlavní autor: Чайковский П. И.
Médium: Книга
Jazyk:Russian
Vydáno: Санкт-Петербург Планета музыки 2024
Vydání:5-е изд., стер.
Témata:
On-line přístup:https://e.lanbook.com/book/366233
https://e.lanbook.com/img/cover/book/366233.jpg
Tagy: Přidat tag
Žádné tagy, Buďte první, kdo otaguje tento záznam!
LEADER 02927nam0a2200373 i 4500
001 366233
003 RuSpLAN
005 20240228125139.0
008 240228s2024 ru gs 000 0 rus
020 |a 978-5-507-48684-7 
040 |a RuSpLAN 
041 0 |a rus 
044 |a ru 
080 |a 786.2 
084 |a 85.954.2  |2 rubbk 
245 0 0 |a Детский альбом. Соч. 39. Времена года. Соч. 37bis. Для фортепиано  |b ноты  |c Чайковский П. И. 
250 |a 5-е изд., стер. 
260 |a Санкт-Петербург  |b Планета музыки  |c 2024 
300 |a 108 с. 
504 |a Библиогр.: доступна в карточке книги, на сайте ЭБС Лань 
520 8 |a «Детский альбом», носящий авторский подзаголовок «Двадцать четыре лёгкие пьесы для фортепиано» и посвященный племяннику Чайковского Володе Давыдову, входит в золотой фонд мировой фортепианной литературы для детей. Фортепианный цикл «Времена года», состоящий из 12 характеристических картин, также принадлежит к числу самых популярных сочинений великого русского композитора. Сборник будет интересен для музыкантов различных исполнительских возможностей, от учащихся музыкальных школ и училищ до концертирующих пианистов. “Children’s Album”, which carries the author's subtitle "Twenty-Four Easy Pieces for Piano" and is dedicated to Tchaikovsky's nephew Volodya Davydov, enters the golden fund of world piano literature for children. The piano cycle "The Seasons", consisting of 12 characteristic scenes, also belongs to the most popular works of the great Russian composer. The collection will be interesting for musicians of various performing abilities, from students of music schools and colleges to concert pianists. 
521 8 |a Книга из коллекции Планета музыки - Музыка и театр 
653 0 |a Чайковский 
653 0 |a времена года 
653 0 |a детский альбом 
653 0 |a фортепиано 
653 0 |a ноты для фортепиано 
653 0 |a репертуар для детей 
653 0 |a форетпианный репертуар 
653 0 |a концертный репертуар 
100 1 |a Чайковский П. И. 
856 4 |u https://e.lanbook.com/book/366233 
856 4 8 |u https://e.lanbook.com/img/cover/book/366233.jpg 
953 |a https://e.lanbook.com/img/cover/book/366233.jpg